| 000 | 00443 a2200157 4500 | ||
|---|---|---|---|
| 003 | OSt | ||
| 005 | 20231229101837.0 | ||
| 008 | 231229b |||||||| |||| 00| 0 eng d | ||
| 020 | _a9789389915723 | ||
| 040 | _coclc | ||
| 082 |
_a891.433 _bNAG/V |
||
| 100 |
_aNagarjun _910139 |
||
| 245 |
_aVARUN KE BETE / _cNagarjun |
||
| 260 |
_aNew Delhi: _bVani Prakashan, _c2020. |
||
| 942 |
_2ddc _cBK _h891.433 _iNAG/V _k891.433 _mNAG/V |
||
| 999 |
_c43606 _d43606 |
||